[Event "Lichtenberger Sommer 2017"]
[Site "Berlin"]
[Date "2017.08.26"]
[Round "8.29"]
[White "Matitschka, Heinz"]
[Black "Neumann, Thomas"]
[Result "0-1"]
[WhiteElo "1910"]
[BlackElo "2128"]
[PlyCount "78"]
[EventDate "2017.??.??"]
[WhiteTeam "TSG Oberschöneweide"]
[BlackTeam "Borussia Friedrichsfelde"]

1. d4 d5 2. c4 e6 3. Nc3 c6 4. e3 f5 5. g4 fxg4 6. Qxg4 Nf6 7. Qg2 Bb4 8. Bd2
O-O 9. Bd3 e5 10. cxd5 exd4 11. exd4 Ng4 12. Nh3 Qe7+ 13. Kd1 Qf6 14. dxc6 Nxc6
15. Qe4 Qf3+ 16. Qxf3 Rxf3 17. Bc4+ Kh8 18. Ng5 Nxf2+ 19. Ke1 Nxh1 20. Nxf3 Bg4
21. Ne5 Re8 22. Kf1 Nxe5 23. dxe5 Rxe5 24. Bd3 Re8 25. Kg2 Rd8 26. Re1 h5 27.
Ne4 Bxd2 28. Nxd2 Rxd3 29. Nf1 Bf3+ 30. Kg1 h4 31. Re3 Rxe3 32. Nxe3 g5 33. Nf5
Kh7 34. Nd4 Bd5 35. b3 Kg6 36. Nc2 Kf6 37. Ne3 Bf3 38. Nc4 Kf5 39. a4 g4 0-1

[Event "Lichtenberger Sommer 2017"]
[Site "Berlin"]
[Date "2017.08.26"]
[Round "8.30"]
[White "Sabrowski, Uwe"]
[Black "Zesewitz, Martin"]
[Result "1-0"]
[WhiteElo "2122"]
[BlackElo "1875"]
[PlyCount "97"]
[EventDate "2017.??.??"]
[WhiteTeam "SC Friesen Lichtenberg"]
[BlackTeam "SF Friedrichshagen"]

1. d4 f5 2. g3 Nf6 3. Bg2 e6 4. Nf3 Be7 5. O-O O-O 6. c4 d6 7. Nc3 Qe8 8. Re1
Ne4 9. Qc2 Nxc3 10. bxc3 Nd7 11. e4 fxe4 12. Qxe4 Nb6 13. Qe2 Qa4 14. Nd2 Qa5
15. Qe3 Bf6 16. f4 e5 17. fxe5 dxe5 18. c5 exd4 19. cxd4 Qb4 20. Qb3+ Qxb3 21.
Nxb3 Na4 22. Bf4 Nxc5 23. Nxc5 Bxd4+ 24. Be3 Bxa1 25. Rxa1 Rb8 26. Bf4 b6 27.
Bxc7 Bf5 28. Bxb8 Rxb8 29. Rf1 g6 30. Bd5+ Kg7 31. Ne6+ Kh6 32. Bb3 a5 33. Rf4
Bxe6 34. Bxe6 b5 35. Kg2 b4 36. Bb3 Rb5 37. Rd4 Kg5 38. h4+ Kf5 39. Kf3 h5 40.
Ke3 Rc5 41. Bc4 Re5+ 42. Kf3 g5 43. Bf7 Kf6 44. Bxh5 gxh4 45. Rxh4 Rc5 46. Rf4+
Ke5 47. Bf7 Rc3+ 48. Kg4 Ra3 49. Rf3 1-0

[Event "Lichtenberger Sommer 2017"]
[Site "Berlin"]
[Date "2017.08.26"]
[Round "8.31"]
[White "Ros Alonso, Joana"]
[Black "Albrecht, Rainer"]
[Result "1/2-1/2"]
[WhiteElo "1820"]
[BlackElo "2047"]
[PlyCount "43"]
[EventDate "2017.??.??"]
[WhiteTeam "Sant Boi de Llobregat"]
[BlackTeam "SC Kreuzberg"]

1. e4 e6 2. d4 d5 3. Nd2 Nf6 4. e5 Nfd7 5. Bd3 c5 6. c3 Nc6 7. Ne2 cxd4 8. cxd4
Nb6 9. Nf3 Be7 10. O-O Bd7 11. a3 a5 12. Nf4 a4 13. Qc2 Rc8 14. Qb1 Na5 15. Be3
Nb3 16. Ra2 g6 17. Bxg6 hxg6 18. Nxg6 fxg6 19. Qxg6+ Kf8 20. Bh6+ Rxh6 21.
Qxh6+ Kf7 22. Qh7+ 1/2-1/2

[Event "Lichtenberger Sommer 2017"]
[Site "Berlin"]
[Date "2017.08.26"]
[Round "8.32"]
[White "Lischeid, Kilian"]
[Black "Postler, Reinhard"]
[Result "1/2-1/2"]
[WhiteElo "1719"]
[BlackElo "2250"]
[PlyCount "91"]
[EventDate "2017.??.??"]
[WhiteTeam "SF Friedrichshagen"]
[BlackTeam "TSG Oberschöneweide"]

1. c4 Nf6 2. d4 c6 3. Nc3 d5 4. Bf4 e6 5. e3 Nbd7 6. Nf3 Be7 7. Bd3 O-O 8. O-O
Nh5 9. Bg3 Nxg3 10. hxg3 b6 11. cxd5 exd5 12. Rc1 Bb7 13. a3 c5 14. Bb1 Nf6 15.
Qa4 c4 16. b3 cxb3 17. Qxb3 Rc8 18. Bd3 g6 19. a4 Qd6 20. Rc2 Kg7 21. Rfc1 Qb8
22. Ne5 Rc7 23. g4 h6 24. f4 Bd6 25. g5 hxg5 26. fxg5 Bxe5 27. gxf6+ Bxf6 28.
Nxd5 Rxc2 29. Rxc2 Bg5 30. Kf2 Bh4+ 31. Kg1 Qg3 32. Re2 Rh8 33. e4 Bg5 34. Bc4
Qh2+ 35. Kf1 Bh4 36. Qh3 Qd6 37. Qf3 Bg3 38. Rc2 Rh1+ 39. Ke2 Re1+ 40. Kd3 f6
41. Kd2 Bxd5 42. Bxd5 Rb1 43. Rc6 Bf4+ 44. Ke2 Rb2+ 45. Kf1 Rb1+ 46. Ke2
1/2-1/2

[Event "Lichtenberger Sommer 2017"]
[Site "Berlin"]
[Date "2017.08.26"]
[Round "8.33"]
[White "Nabel, Matthias"]
[Black "Elsing, Jan"]
[Result "0-1"]
[WhiteElo "1940"]
[BlackElo "2140"]
[PlyCount "70"]
[EventDate "2017.??.??"]
[WhiteTeam "SV Motor Wildau"]
[BlackTeam "SC Friesen Lichtenberg"]

1. d4 d5 2. c4 c6 3. Nf3 Nf6 4. e3 a6 5. Nc3 Nbd7 6. Bd3 e6 7. O-O dxc4 8. Bxc4
b5 9. Bd3 c5 10. e4 cxd4 11. Nxd4 Bb7 12. Bg5 Be7 13. Bc2 O-O 14. Nf3 b4 15. e5
Bxf3 16. Qxf3 Nxe5 17. Qh3 Ng6 18. Ne2 Nd5 19. Bxe7 Qxe7 20. Rfd1 Rad8 21. Rac1
Qf6 22. b3 Rc8 23. Qd3 Nc3 24. Nxc3 Rxc3 25. Qxa6 Rfc8 26. Qe2 Nf4 27. Qd2 Qg5
28. g3 Nh3+ 29. Kf1 Qxd2 30. Rxd2 Ng5 31. Rcd1 Kf8 32. Bd3 Nf3 33. Re2 Rc1 34.
Rxc1 Rxc1+ 35. Kg2 Ne1+ 0-1

[Event "Lichtenberger Sommer 2017"]
[Site "Berlin"]
[Date "2017.08.26"]
[Round "8.34"]
[White "Rohde, Wolfgang"]
[Black "Jeß, Arne"]
[Result "0-1"]
[WhiteElo "2125"]
[BlackElo "1862"]
[PlyCount "44"]
[EventDate "2017.??.??"]
[WhiteTeam "SC Friesen Lichtenberg"]
[BlackTeam "TSG Fredersdorf/Vogelsdorf"]

1. d4 d5 2. c4 e5 3. dxe5 d4 4. Nf3 Nc6 5. a3 Bg4 6. Bg5 Be7 7. Bxe7 Ngxe7 8.
Nbd2 Ng6 9. Qc2 Qd7 10. O-O-O Bf5 11. Qa4 Ngxe5 12. h3 Qd6 13. g4 Nxf3 14. gxf5
Nxd2 15. Rxd2 Qf4 16. Bg2 O-O 17. Bxc6 bxc6 18. Qxc6 Rab8 19. Rhd1 Rb3 20. f6
Rfb8 21. e3 Qf5 22. Rxd4 Rc3+ 0-1

[Event "Lichtenberger Sommer 2017"]
[Site "Berlin"]
[Date "2017.08.26"]
[Round "8.35"]
[White "Wachtel, Arthur"]
[Black "Kornrumpf, Joachim"]
[Result "0-1"]
[WhiteElo "1803"]
[BlackElo "2074"]
[PlyCount "119"]
[EventDate "2017.??.??"]
[WhiteTeam "SK Freising"]
[BlackTeam "Preetzer TSV"]

1. e4 c5 2. Nf3 e6 3. d3 b6 4. g3 Bb7 5. Bg2 d6 6. Nbd2 Nd7 7. O-O Ngf6 8. Re1
Qc7 9. Nf1 Be7 10. h4 O-O 11. N1h2 Ne5 12. Nxe5 dxe5 13. Ng4 Nd7 14. b3 f5 15.
Nh2 Rae8 16. Bb2 Bd6 17. Rc1 Qb8 18. Qe2 Qa8 19. Rcd1 Re7 20. Bf3 Ref7 21. Rf1
Bc7 22. exf5 exf5 23. Bxb7 Qxb7 24. Qf3 e4 25. dxe4 fxe4 26. Qg4 Ne5 27. Qe6
Qc6 28. Qxc6 Nxc6 29. Rde1 Re8 30. a3 Nd4 31. Bxd4 cxd4 32. Rd1 e3 33. fxe3
Rxf1+ 34. Kxf1 Bxg3 35. Kg2 Bxh4 36. Rxd4 Bf6 37. Rd3 h5 38. Nf3 g5 39. Rd6 Kf7
40. Rd7+ Kg6 41. Rxa7 Rxe3 42. Ra6 g4 43. Ng1 Bd4 44. Ra4 Bc5 45. Kf1 Rc3 46.
b4 Bxg1 47. Kxg1 Rxc2 48. Ra6 g3 49. Rxb6+ Kg5 50. Rb5+ Kg4 51. Rc5 Ra2 52.
Rc4+ Kh3 53. Rc1 Rb2 54. a4 Kg4 55. Rc4+ Kh3 56. Rc1 h4 57. a5 Kg4 58. Rc4+ Kg5
59. a6 h3 60. a7 0-1

[Event "Lichtenberger Sommer 2017"]
[Site "Berlin"]
[Date "2017.08.26"]
[Round "8.36"]
[White "Schulz, Toni"]
[Black "Seitz, Patrick"]
[Result "0-1"]
[WhiteElo "1878"]
[BlackElo "1956"]
[PlyCount "60"]
[EventDate "2017.??.??"]
[WhiteTeam "ESV Lok Raw Cottbus"]
[BlackTeam "SR Heuberg-Gosheim"]

1. d4 Nf6 2. Bf4 d6 3. e3 g6 4. Nf3 Bg7 5. Be2 O-O 6. O-O Re8 7. h3 Bf5 8. c4
Nbd7 9. Nc3 h5 10. Nh4 e5 11. Bg5 exd4 12. exd4 Nb6 13. Nxf5 gxf5 14. Bxh5 Nxc4
15. Nd5 c6 16. Nxf6+ Bxf6 17. Bh6 d5 18. Bxf7+ Kxf7 19. Qh5+ Kg8 20. Rad1 Qd7
21. Rd3 Re7 22. g4 fxg4 23. hxg4 Bg7 24. g5 Bxh6 25. gxh6 Qe6 26. f4 Kh7 27.
Rg3 Rg8 28. Rg5 Rg6 29. Kh2 Rxh6 30. Rf2 Qg6 0-1

[Event "Lichtenberger Sommer 2017"]
[Site "Berlin"]
[Date "2017.08.26"]
[Round "8.37"]
[White "Tscheuschner, Georg"]
[Black "Bui, Bao Anh Le"]
[Result "0-1"]
[WhiteElo "1992"]
[BlackElo "1775"]
[PlyCount "86"]
[EventDate "2017.??.??"]
[WhiteTeam "SV Mattnetz Berlin"]
[BlackTeam "SV Mattnetz Berlin"]

1. c4 e5 2. g3 c5 3. Bg2 Nc6 4. Nc3 g6 5. Nf3 Bg7 6. O-O d6 7. Ne1 Be6 8. Nd5
f5 9. d3 Nf6 10. Bg5 O-O 11. Rb1 Kh8 12. Nc2 a5 13. Qd2 Nb4 14. a3 Bxd5 15.
Bxd5 Nbxd5 16. cxd5 b5 17. a4 b4 18. Ne3 h6 19. Bxf6 Qxf6 20. Nc4 f4 21. Qc2 g5
22. f3 Qg6 23. Nd2 g4 24. Ne4 h5 25. Kg2 Bh6 26. fxg4 hxg4 27. Rh1 f3+ 28. exf3
gxf3+ 29. Kf2 Ra7 30. Qc4 Rf5 31. Qb5 Bf8 32. Qb6 Rh7 33. h4 c4 34. dxc4 Rf4
35. Nd2 Rd4 36. Rbd1 Qc2 37. Qxa5 Rxd2+ 38. Rxd2 Qxd2+ 39. Kxf3 Rf7+ 40. Kg4
Qg2 41. Rb1 Rg7+ 42. Kf5 Qf3+ 43. Ke6 Qf7# 0-1

[Event "Lichtenberger Sommer 2017"]
[Site "Berlin"]
[Date "2017.08.26"]
[Round "8.38"]
[White "Miowitz, Torsten"]
[Black "Daoud, Marcel"]
[Result "0-1"]
[WhiteElo "1857"]
[BlackElo "1928"]
[PlyCount "48"]
[EventDate "2017.??.??"]
[WhiteTeam "Lasker Steglitz-Wilmersdorf"]
[BlackTeam "SK Freising"]

1. d4 Nf6 2. Nf3 e6 3. Bf4 c5 4. e3 b6 5. Nbd2 Bb7 6. Bd3 Be7 7. c3 cxd4 8.
exd4 d6 9. h3 O-O 10. Qe2 Nbd7 11. O-O Re8 12. Rfe1 a6 13. Rad1 Bf8 14. Ne4 Qc7
15. Neg5 h6 16. Ne4 Qc6 17. g4 e5 18. dxe5 dxe5 19. Bg3 Nc5 20. Nxe5 Rxe5 21.
Bxe5 Ncxe4 22. f3 Ng5 23. Bxf6 Nxf3+ 24. Kf2 Nxe1 0-1

[Event "Lichtenberger Sommer 2017"]
[Site "Berlin"]
[Date "2017.08.26"]
[Round "8.39"]
[White "Hajou, Mohamad"]
[Black "Buttkus, Andre"]
[Result "0-1"]
[WhiteElo "1789"]
[BlackElo "2031"]
[PlyCount "138"]
[EventDate "2017.??.??"]
[WhiteTeam "SC Kreuzberg"]
[BlackTeam "SK Tempelhof 1931"]

1. e4 c5 2. Nf3 e6 3. d4 cxd4 4. Nxd4 Nc6 5. Nc3 Qc7 6. g3 Nf6 7. Bg2 a6 8. O-O
Nxd4 9. Qxd4 Bc5 10. Qd1 h6 11. Re1 d6 12. Be3 O-O 13. Bxc5 Qxc5 14. Qe2 Rb8
15. Rad1 b5 16. e5 dxe5 17. Qxe5 Qxe5 18. Rxe5 Bb7 19. Bxb7 Rxb7 20. Rd6 Rc8
21. Rxa6 b4 22. Nb5 Rxc2 23. Nd6 Rd7 24. b3 Rxf2 25. Kxf2 Ng4+ 26. Ke2 Nxe5 27.
Nc4 Nd3 28. a3 bxa3 29. Rxa3 Nc1+ 30. Ke3 Rd3+ 31. Ke4 Rxb3 32. Ra8+ Kh7 33.
Nd6 f6 34. Ra7 Rb4+ 35. Kf3 Rb8 36. Re7 Nb3 37. Ne8 Nd4+ 38. Kg2 Nf5 39. Rxe6
h5 40. Re2 Rc8 41. h3 Rc3 42. g4 hxg4 43. hxg4 Rg3+ 44. Kh2 Rxg4 45. Rf2 Kg6
46. Rg2 Rxg2+ 47. Kxg2 Kf7 48. Nc7 g5 49. Kf3 Ne7 50. Kg4 Kg6 51. Ne6 f5+ 52.
Kg3 Kf6 53. Nf8 Nd5 54. Nh7+ Kg6 55. Nf8+ Kh5 56. Ne6 Nf6 57. Ng7+ Kg6 58. Ne6
Nh5+ 59. Kh3 Nf4+ 60. Nxf4+ gxf4 61. Kg2 Kh5 62. Kf2 Kg4 63. Kg2 f3+ 64. Kf2
Kf4 65. Kf1 Ke3 66. Ke1 f2+ 67. Kf1 f4 68. Kg2 Ke2 69. Kh2 f3 0-1

[Event "Lichtenberger Sommer 2017"]
[Site "Berlin"]
[Date "2017.08.26"]
[Round "8.40"]
[White "Jecht, Christian"]
[Black "Schröter, Maik"]
[Result "0-1"]
[WhiteElo "1903"]
[BlackElo "1876"]
[PlyCount "90"]
[EventDate "2017.??.??"]
[WhiteTeam "SC Bavaria Regensb."]
[BlackTeam "SG Stadtilm"]

1. e4 c5 2. Nf3 d6 3. Bb5+ Bd7 4. Bxd7+ Qxd7 5. c4 Nc6 6. d4 cxd4 7. Nxd4 g6 8.
Nc3 Bg7 9. Be3 Ne5 10. b3 e6 11. Rc1 b6 12. O-O Ne7 13. f3 O-O 14. Qd2 d5 15.
cxd5 exd5 16. Nde2 dxe4 17. Qxd7 Nxd7 18. Nxe4 Nf6 19. Nxf6+ Bxf6 20. Rfd1 Rfd8
21. Kf2 Nd5 22. Bd4 Bg5 23. Rc4 Ne3 24. Rdc1 Nxc4 25. Rxc4 Rac8 26. f4 Rxc4 27.
bxc4 Bxf4 28. Bxb6 axb6 29. Nxf4 Rd2+ 30. Kf3 Rxa2 31. Nd5 Rb2 32. h4 f5 33. g4
fxg4+ 34. Kxg4 Kf7 35. h5 gxh5+ 36. Kxh5 Ke6 37. Kh6 Kd6 38. Kxh7 Kc5 39. Kg6
Kxc4 40. Ne3+ Kd3 41. Nd5 Kd4 42. Nc7 b5 43. Kf5 Rf2+ 44. Kg4 b4 45. Kg3 Rf7
0-1

[Event "Lichtenberger Sommer 2017"]
[Site "Berlin"]
[Date "2017.08.26"]
[Round "8.41"]
[White "Lichii, Elizaveta"]
[Black "Lieder, Günter"]
[Result "1-0"]
[WhiteElo "1862"]
[BlackElo "1840"]
[PlyCount "135"]
[EventDate "2017.??.??"]
[WhiteTeam "vereinslos"]
[BlackTeam "SK Turm Bad Hersfeld"]

1. e4 c5 2. Nf3 d6 3. d4 cxd4 4. Nxd4 e6 5. Nc3 Be7 6. Be2 a6 7. a4 Nf6 8. O-O
O-O 9. Be3 Nbd7 10. f4 Qc7 11. Bf3 Rb8 12. g4 b6 13. g5 Ne8 14. Bg2 Bb7 15. Qh5
g6 16. Qg4 Ng7 17. Rad1 Rfe8 18. Qh3 Bf8 19. Nb3 Nc5 20. Bd4 Bc6 21. Nxc5 bxc5
22. Bf6 Nh5 23. b3 Bd7 24. Qd3 Qb6 25. Kh1 Bc6 26. Qh3 Bd7 27. Ne2 c4 28. Bd4
Qc7 29. Qc3 Rec8 30. Rb1 cxb3 31. cxb3 Qxc3 32. Bxc3 Bc6 33. Kg1 Ba8 34. Rfc1
h6 35. h4 hxg5 36. hxg5 Rd8 37. Bd4 Rb4 38. Bc3 Rbb8 39. Ba5 Rdc8 40. Bc3 Bg7
41. Bxg7 Kxg7 42. Rxc8 Rxc8 43. Kf2 Kf8 44. Bf3 Ng7 45. Ke3 Ke7 46. Bg4 Rc7 47.
Kd4 d5 48. e5 Ne8 49. Nc3 Bb7 50. Be2 Ng7 51. Bg4 Ne8 52. Rc1 Kd8 53. Ne2 Ng7
54. Rxc7 Kxc7 55. Kc5 Bc8 56. b4 Ne8 57. Nd4 Bd7 58. b5 Kb7 59. Be2 axb5 60.
axb5 Ka7 61. b6+ Kb7 62. Nb3 Ba4 63. Na5+ Kb8 64. Bb5 Bxb5 65. Kxb5 Ng7 66.
Nc6+ Kb7 67. Nd8+ Kb8 68. Ka6 1-0

[Event "Lichtenberger Sommer 2017"]
[Site "Berlin"]
[Date "2017.08.26"]
[Round "8.42"]
[White "Dittrich, Tom"]
[Black "Döring, Martin"]
[Result "1/2-1/2"]
[WhiteElo "1943"]
[BlackElo "1758"]
[PlyCount "44"]
[EventDate "2017.??.??"]
[WhiteTeam "SG Stadtilm"]
[BlackTeam "SC Weisse Dame (Berlin)"]

1. e4 d5 2. exd5 Nf6 3. Be2 Nxd5 4. d4 Bf5 5. Nf3 e6 6. O-O Nd7 7. a3 c6 8. c4
N5f6 9. Nc3 Bd6 10. Re1 O-O 11. Nh4 Bg6 12. Nxg6 hxg6 13. Bd3 Rc8 14. Qf3 Qa5
15. c5 Bb8 16. b4 Qc7 17. Qh3 Rce8 18. Ne4 Nxe4 19. Rxe4 f5 20. Re1 Nf6 21. Bc4
Nd5 22. Qg3 Qxg3 1/2-1/2

[Event "Lichtenberger Sommer 2017"]
[Site "Berlin"]
[Date "2017.08.26"]
[Round "8.43"]
[White "Woinowski, Michael"]
[Black "Bender, Leon"]
[Result "0-1"]
[WhiteElo "1761"]
[BlackElo "2016"]
[PlyCount "78"]
[EventDate "2017.??.??"]
[WhiteTeam "SC Kreuzberg"]
[BlackTeam "Sfr. Kelkheim"]

1. e4 e5 2. Nf3 Nc6 3. Bb5 a6 4. Ba4 Nf6 5. O-O Be7 6. Re1 b5 7. Bb3 O-O 8. a4
b4 9. d4 d6 10. c3 Bg4 11. d5 Na5 12. cxb4 Nxb3 13. Qxb3 Rb8 14. Bd2 Qd7 15.
Qd3 c6 16. dxc6 Qxc6 17. b3 Bxf3 18. gxf3 d5 19. exd5 Nxd5 20. Rxe5 Rbd8 21. b5
axb5 22. axb5 Qf6 23. Qf5 g6 24. Qe4 Bd6 25. Rxd5 Qxa1 26. Bc3 Qa7 27. Bf6
Bxh2+ 28. Kxh2 Qxf2+ 29. Kh1 Rxd5 30. Qxd5 Re8 31. Be7 Qe1+ 32. Kg2 Qe2+ 33.
Kg3 Qxe7 34. Nd2 Rd8 35. Qc4 Rxd2 36. Qc8+ Rd8 37. Qc1 Qe5+ 38. f4 Qxb5 39. Qc2
Qd3+ 0-1

[Event "Lichtenberger Sommer 2017"]
[Site "Berlin"]
[Date "2017.08.26"]
[Round "8.44"]
[White "Küchler, Felix"]
[Black "Buehler, Florian"]
[Result "1/2-1/2"]
[WhiteElo "1782"]
[BlackElo "2063"]
[PlyCount "104"]
[EventDate "2017.??.??"]
[WhiteTeam "SF Friedrichshagen"]
[BlackTeam "Spgem Kötz/Ichenhausen"]

1. e4 c6 2. d4 d5 3. Nc3 dxe4 4. Nxe4 Nd7 5. Bc4 e6 6. Bf4 Ngf6 7. Nxf6+ Nxf6
8. Nf3 Bd6 9. Bg3 O-O 10. Qe2 Qc7 11. O-O-O b5 12. Bd3 a5 13. Be5 Qe7 14. Ng5
g6 15. Qf3 Bxe5 16. dxe5 Nd5 17. Ne4 Bb7 18. h4 a4 19. Nf6+ Nxf6 20. exf6 Qb4
21. a3 Qc5 22. Qf4 Rfd8 23. Qh6 Qf8 24. Qg5 Rd5 25. Qd2 c5 26. Qe3 c4 27. Be4
Rxd1+ 28. Rxd1 Bxe4 29. Qxe4 c3 30. Rd7 cxb2+ 31. Kxb2 Rb8 32. c3 h5 33. Qd4
Kh7 34. Qa7 Kg8 35. Rxf7 Qxf7 36. Qxb8+ Kh7 37. Qd8 e5 38. Qe7 Kg8 39. Qxf7+
Kxf7 40. c4 bxc4 41. Kc3 Kxf6 42. Kxc4 g5 43. hxg5+ Kxg5 44. Kb4 e4 45. Kxa4 h4
46. Kb3 Kf4 47. a4 h3 48. gxh3 Kf3 49. a5 Kxf2 50. a6 e3 51. a7 e2 52. a8=Q
e1=Q 1/2-1/2

[Event "Lichtenberger Sommer 2017"]
[Site "Berlin"]
[Date "2017.08.26"]
[Round "8.45"]
[White "Hahlbohm, Matthias"]
[Black "Ritter, Uwe"]
[Result "1-0"]
[WhiteElo "2106"]
[BlackElo "1953"]
[PlyCount "39"]
[EventDate "2017.??.??"]
[WhiteTeam "TSG Oberschöneweide"]
[BlackTeam "Reideburger SV"]

1. e4 e6 2. d4 d5 3. e5 c5 4. c3 Nc6 5. Nf3 Qb6 6. a3 cxd4 7. cxd4 f6 8. Bd3
fxe5 9. dxe5 Bc5 10. O-O Nge7 11. Nc3 Qc7 12. b4 Bb6 13. Nb5 Qb8 14. Nd6+ Kd7
15. Bf4 Bc7 16. Rc1 Rf8 17. Bg3 Bxd6 18. exd6 Nf5 19. Bxf5 Rxf5 20. b5 1-0

[Event "Lichtenberger Sommer 2017"]
[Site "Berlin"]
[Date "2017.08.26"]
[Round "8.46"]
[White "Plaza Reino, Agustin"]
[Black "Bergmann, Jens"]
[Result "1/2-1/2"]
[WhiteElo "1963"]
[BlackElo "1878"]
[PlyCount "47"]
[EventDate "2017.??.??"]
[WhiteTeam "Enniscorthy Chess Club"]
[BlackTeam "SK Tempelhof 1931"]

1. e4 d6 2. d4 Nf6 3. Nc3 e5 4. Nf3 Nbd7 5. Bc4 Be7 6. O-O O-O 7. Re1 a6 8. a4
exd4 9. Nxd4 Nb6 10. Bb3 Bg4 11. Qd3 Nbd7 12. h3 Nc5 13. Qe3 Nxb3 14. Nxb3 Be6
15. Nd4 Nd7 16. Nd5 Bxd5 17. exd5 Re8 18. Nf5 Bf8 19. Qxe8 Qxe8 20. Rxe8 Rxe8
21. Ne3 g6 22. Bd2 Bg7 23. Bc3 Bxc3 24. bxc3 1/2-1/2

[Event "Lichtenberger Sommer 2017"]
[Site "Berlin"]
[Date "2017.08.26"]
[Round "8.47"]
[White "Seefeld, Marc"]
[Black "Silz, Elisa"]
[Result "1/2-1/2"]
[WhiteElo "1924"]
[BlackElo "2023"]
[PlyCount "86"]
[EventDate "2017.??.??"]
[WhiteTeam "Läufer Reinickendorf"]
[BlackTeam "SV Empor Berlin"]

1. d4 Nf6 2. c4 g6 3. Nc3 Bg7 4. Nf3 O-O 5. Bf4 d6 6. e3 Nc6 7. h3 e6 8. a3 a6
9. Qc2 Nh5 10. Bg5 f6 11. Bh4 Bh8 12. g4 Ng7 13. Bd3 Ne7 14. O-O-O Bd7 15. e4
Qe8 16. d5 e5 17. Nh2 g5 18. Bg3 Ng6 19. Be2 b5 20. Nf1 bxc4 21. Ne3 Nf4 22.
Bxf4 exf4 23. Nxc4 h5 24. f3 Bb5 25. Na5 Bd7 26. Kb1 Qf7 27. Na2 Rfb8 28. Rd2
Ne8 29. Nb4 Rb6 30. Bd3 h4 31. Qd1 Bb5 32. Qe2 Bxd3+ 33. Qxd3 Qg7 34. Qd4 Rb5
35. Nbc6 Qf7 36. Qd3 Qg7 37. Qd4 Qf7 38. Qd3 Bg7 39. a4 Rb6 40. Nc4 Rb7 41.
N4a5 Rb6 42. Nc4 Rb7 43. N4a5 Rb6 1/2-1/2

[Event "Lichtenberger Sommer 2017"]
[Site "Berlin"]
[Date "2017.08.26"]
[Round "8.48"]
[White "Schmalzried, Volker"]
[Black "Kötz, Andreas"]
[Result "1-0"]
[WhiteElo "1858"]
[BlackElo "1997"]
[PlyCount "83"]
[EventDate "2017.??.??"]
[WhiteTeam "vereinslos"]
[BlackTeam "SC Zitadelle Spandau"]

1. c4 g6 2. Nc3 Bg7 3. d4 Nf6 4. g3 d6 5. Bg2 O-O 6. Nf3 Nc6 7. O-O Bf5 8. Re1
Ne4 9. Nxe4 Bxe4 10. e3 Nb4 11. Re2 c5 12. a3 Nc6 13. Rd2 Qb6 14. d5 Na5 15.
Re2 Nxc4 16. Nd2 Bd3 17. Nxc4 Bxc4 18. Rd2 Rac8 19. Rb1 Ba2 20. Ra1 Bb3 21. Qg4
c4 22. Rb1 a5 23. h4 h5 24. Qg5 Qd8 25. g4 Kh7 26. gxh5 Bf6 27. hxg6+ fxg6 28.
Qg4 Rg8 29. Be4 Kh6 30. f3 Ba4 31. Rg2 Bd7 32. Qf4+ Kh7 33. h5 Rg7 34. Bxg6+
Kg8 35. h6 Rxg6 36. Rxg6+ Kh8 37. h7 Bg7 38. Bd2 Qf8 39. Qg3 c3 40. Bxc3 Bxc3
41. bxc3 Kxh7 42. Kf2 1-0

[Event "Lichtenberger Sommer 2017"]
[Site "Berlin"]
[Date "2017.08.26"]
[Round "8.49"]
[White "Kievelitz, Bernd"]
[Black "Thomas, Tobias"]
[Result "1/2-1/2"]
[WhiteElo "1889"]
[BlackElo "1877"]
[PlyCount "97"]
[EventDate "2017.??.??"]
[WhiteTeam "SC Zitadelle Spandau"]
[BlackTeam "SK Langen"]

1. Nf3 Nf6 2. c4 g6 3. Nc3 Bg7 4. e4 d6 5. d4 O-O 6. h3 e5 7. d5 a5 8. g4 Na6
9. Bd3 Nc5 10. Be3 Nxd3+ 11. Qxd3 Nd7 12. Ke2 Nc5 13. Qc2 f5 14. Bg5 Qe8 15.
Rag1 fxg4 16. hxg4 Qf7 17. Nd2 Qxf2+ 18. Kd1 c6 19. Be7 Rf4 20. Bxd6 Bxg4+ 21.
Kc1 Qd4 22. Bxc5 Qxc5 23. Nd1 cxd5 24. cxd5 Rc8 25. Qxc5 Rxc5+ 26. Nc3 b5 27.
Kb1 Bf3 28. Nxf3 Rxf3 29. d6 Rf7 30. Nd5 Bf8 31. d7 Rxd5 32. exd5 Rxd7 33. Rd1
Bc5 34. Rc1 Rxd5 35. Rh3 e4 36. Rhc3 Bd4 37. Rc7 e3 38. Re7 Rc5 39. Rd1 Re5 40.
Rxe5 Bxe5 41. Kc2 Kf7 42. Rd7+ Ke6 43. Rxh7 Kf5 44. Kd3 Bxb2 45. Rb7 b4 46.
Kxe3 a4 47. Rb5+ Kf6 48. Rxb4 a3 49. Rb3 1/2-1/2

[Event "Lichtenberger Sommer 2017"]
[Site "Berlin"]
[Date "2017.08.26"]
[Round "8.50"]
[White "Acikel, Mert"]
[Black "Milare, Tyron"]
[Result "0-1"]
[WhiteElo "1914"]
[BlackElo "1730"]
[PlyCount "84"]
[EventDate "2017.??.??"]
[WhiteTeam "SK König Tegel"]
[BlackTeam "Potsdamer SV"]

1. e4 c5 2. Nf3 Nc6 3. d4 cxd4 4. Nxd4 Nf6 5. Nc3 e6 6. Ndb5 d6 7. Bf4 e5 8.
Bg5 a6 9. Na3 b5 10. Nd5 Be7 11. Bxf6 Bxf6 12. c3 O-O 13. Nc2 Bg5 14. a4 bxa4
15. Rxa4 a5 16. Bc4 Rb8 17. b3 Kh8 18. h4 Be7 19. Nce3 Be6 20. g3 Qd7 21. Nxe7
Qxe7 22. Bd5 Rfc8 23. O-O Qd7 24. Nc4 Rd8 25. Re1 Rb5 26. Na3 Rbb8 27. Nc4 Rb5
28. Na3 Rbb8 29. Bxc6 Qxc6 30. c4 Qb6 31. Nb5 f6 32. Qd2 d5 33. Qc3 dxc4 34.
bxc4 Bxc4 35. Rxc4 Qxb5 36. Ra1 h6 37. Rxa5 Qb1+ 38. Kg2 Qd1 39. Rac5 Rb1 40.
Kh3 Qf1+ 41. Kg4 Qe2+ 42. Kf5 Qh5+ 0-1

[Event "Lichtenberger Sommer 2017"]
[Site "Berlin"]
[Date "2017.08.26"]
[Round "8.51"]
[White "Landt, Stefan"]
[Black "Bruening, Wolfgang"]
[Result "0-1"]
[WhiteElo "1913"]
[BlackElo "1791"]
[PlyCount "84"]
[EventDate "2017.??.??"]
[WhiteTeam "SV Berolina Mitte"]
[BlackTeam "vereinslos"]

1. d4 e6 2. Nf3 d5 3. c4 c6 4. Bg5 Bb4+ 5. Nc3 Qa5 6. Qb3 Nf6 7. Bd2 dxc4 8.
Qxc4 O-O 9. a3 Be7 10. e4 Qb6 11. b4 Nbd7 12. Bd3 a5 13. Na4 Qa7 14. b5 cxb5
15. Qxb5 b6 16. O-O Ba6 17. Qb1 Rfb8 18. Nc3 Bxd3 19. Qxd3 Rd8 20. Qb1 Qb7 21.
Rc1 Rab8 22. Bf4 Rbc8 23. Be3 Rc4 24. Nd2 Rc7 25. Bf4 Rc6 26. Nb3 Qa8 27. f3
Rdc8 28. Qd3 Rc4 29. Nd2 Rxd4 30. Qe2 Nc5 31. Rc2 Na4 32. Be5 Rxc3 33. Rxc3
Nxc3 34. Qf2 Bc5 35. Kh1 Rd5 36. Qg3 Ne2 37. Qe1 Rxe5 38. Qxe2 Rh5 39. f4 Rh4
40. g3 Rh6 41. g4 Rh3 42. g5 Re3 0-1

[Event "Lichtenberger Sommer 2017"]
[Site "Berlin"]
[Date "2017.08.26"]
[Round "8.52"]
[White "Große-Honebrink, Brigitte"]
[Black "Willich, Manfred"]
[Result "1-0"]
[WhiteElo "1886"]
[BlackElo "1961"]
[PlyCount "163"]
[EventDate "2017.??.??"]
[WhiteTeam "SC Kreuzberg"]
[BlackTeam "SK Turm Bad Hersfeld"]

1. d4 Nf6 2. Nf3 e6 3. c4 b6 4. Nc3 Bb4 5. Bd2 Bb7 6. e3 O-O 7. Be2 d5 8. cxd5
exd5 9. O-O Nbd7 10. Rc1 c6 11. Bd3 Re8 12. Qe2 Bd6 13. h3 Rc8 14. Nh2 c5 15.
Qf3 Ne4 16. Rfd1 a6 17. Bc2 Re6 18. Be1 Rf6 19. Qh5 Rh6 20. Qe2 c4 21. Ng4 Re6
22. Nxe4 dxe4 23. Ne5 Qc7 24. Nxd7 Qxd7 25. b3 Rg6 26. Kh1 Bd5 27. bxc4 Bxc4
28. Qd2 Ba3 29. Rb1 Qb7 30. Qa5 Bf8 31. Qf5 Bd5 32. Bb3 Bxb3 33. Rxb3 Rf6 34.
Qa5 Rb8 35. Qd2 Qd5 36. Qe2 a5 37. Rb5 Qd7 38. Rdb1 a4 39. Qc2 Qe6 40. Re5 Rc8
41. Qxa4 Qc6 42. Qxc6 Rfxc6 43. Reb5 g6 44. g3 Ra8 45. R5b2 Ra6 46. Kg2 Ba3 47.
Re2 f5 48. Bb4 Kf7 49. Bxa3 Rxa3 50. Reb2 Ra6 51. a4 Ke6 52. a5 bxa5 53. Rb5
Kd6 54. Ra1 a4 55. Rb4 a3 56. Rb3 a2 57. Rb2 h5 58. Rbxa2 Rab6 59. Ra8 Rc2 60.
R1a6 Rcb2 61. Rxb6+ Rxb6 62. Rg8 Kd5 63. Rc8 Ra6 64. Rc5+ Ke6 65. Re5+ Kd7 66.
g4 hxg4 67. hxg4 Rf6 68. gxf5 gxf5 69. Kg3 Rg6+ 70. Kf4 Rg2 71. Kxf5 Rxf2+ 72.
Kxe4 Rh2 73. Kd5 Rc2 74. Ke4 Rh2 75. Kd5 Ra2 76. Ke4 Rh2 77. Rg5 Ra2 78. d5
Ra4+ 79. Ke5 Ra3 80. e4 Ra5 81. Rg7+ Kd8 82. Ke6 1-0